Another approaches development and strategies /

Збережено в:
Бібліографічні деталі
Автор: Cardoso, Fernando Henrique
Інші автори: Stavenhagen, Rodolfo, Ahooja - Patel Krishna, Berthelot, Jacques, Galtung, Johan, Singer, Paul, Lamounier, Bolivar, Hewitt de Alcantara, Cynthia, Kothari, Rajni, Bitar, Sergio, Ben Salah, Ahmed
Формат: Текст
Опубліковано: Motala: The Dag Hammarskjöld Foundation
Теги: Додати тег
Немає тегів, Будьте першим, хто поставить тег для цього запису!

MARC

LEADER 00000 a a2200000 04500
001 24578
003
040
020 |a 91-85214-06-X  
022 |a 91-85214-06-X  
090 |a 167900  
100 |a Cardoso, Fernando Henrique  
245 |a Another approaches development and strategies /  |c Fernando Cardoso  
260 |a Motala:   |b The Dag Hammarskjöld Foundation  
300 |a 265 p.  
300 |b **no definido**  
700 |a Stavenhagen, Rodolfo  
700 |a Ahooja - Patel Krishna  
700 |a Berthelot, Jacques  
700 |a Galtung, Johan  
700 |a Singer, Paul  
700 |a Lamounier, Bolivar  
700 |a Hewitt de Alcantara, Cynthia  
700 |a Kothari, Rajni  
700 |a Bitar, Sergio  
700 |a Ben Salah, Ahmed  
999 |c 12786  |d 12786